Zmeny v transporte Ca2+ v bunkách ovplyvnených faktormi vyvolávajúcimi autofágiu

Guardado en:
Detalles Bibliográficos
Autor principal: Granatier, Marianna (Autor)
Otros Autores: Lakatoš, Boris (Orientador)
Formato: Manuscrito Libro
Lenguaje:eslovaco
Publicado: 2015
Materias:
Acceso en línea:http://is.stuba.sk/zp/portal_zp.pl?podrobnosti=101357
Etiquetas: Agregar Etiqueta
Sin Etiquetas, Sea el primero en etiquetar este registro!

MARC

LEADER 00000ntm a22000003a 4500
001 stuzp53095
003 SK-STU
005 20160719154358.7
007 ta
008 150427s2015----xo-----f-mn---000-0-slo-d
040 |a STU  |b slo 
041 0 |a slo 
100 1 |a Granatier, Marianna  |u 043260  |4 aut  |U FCHPT Ústav biochémie, výživy a ochrany zdravia  |T FCHPT Oddelenie biochémie a mikrobiológie  |X 42488  |U C3260  |Y 113  |7 42488 
242 0 1 |a The changes of Ca2+ ions transport in animal cells affected by factors triggering autophagy  |y eng 
245 1 0 |a Zmeny v transporte Ca2+ v bunkách ovplyvnených faktormi vyvolávajúcimi autofágiu 
260 |c 2015 
650 4 |a vápnik  |2 slo 
650 4 |a Ca2+ signalizácia  |2 slo 
650 4 |a autofágia  |2 slo 
650 4 |a autophagy  |2 eng 
650 4 |a Ca2+ signalling  |2 eng 
650 4 |a calcium  |2 eng 
700 1 |a Lakatoš, Boris  |4 ths  |X 4011  |7 A000004011 
856 4 |u http://is.stuba.sk/zp/portal_zp.pl?podrobnosti=101357 
SQL |a stuzp53095  |b DBP  |c SLO  |d Zmeny v transporte Ca2+ v bunkách ovplyvnených faktormi vyvolávajúcimi autofágiu  |e 42488  |f Granatier, Marianna  |g 043260  |h 4011  |i Lakatoš, Boris  |j 20150715  |k 752  |l 04  |m http://is.stuba.sk/zp/portal_zp.pl?podrobnosti=101357  |n B-BIOPOT  |o 5.2.25. biotechnológie